Statistics for Norges fylker (med kart)

Click here to take the quiz!

General Stats

  • This quiz has been taken 173 times
  • The average score is 16 of 18

Answer Stats

Answer% Correct
Oslo (fylke)
96%
Finnmark
93%
Troms
92%
Akershus
91%
Østfold
90%
Nordland
89%
Vestagder
89%
Aust-Agder
88%
Møre og Romsdal
87%
Oppland
86%
Rogaland
86%
Hedmark
86%
Vestfold
85%
Trøndelag
85%
Telemark
82%
Hordaland
80%
Buskerud
79%
Sogn og Fjordane
79%

Score Distribution

Percentile by Number Answered

Percent of People with Each Score

Your Score History

You have not taken this quiz